Geometry and integrability /
Na minha lista:
| Outros Autores: | , |
|---|---|
| Formato: | Sách giấy |
| Publicado em: |
Cambridge ; New York :
Cambridge University Press,
2003
|
| coleção: | London Mathematical Society lecture note series ;
295. |
| Assuntos: | |
| Acesso em linha: | Sample text Table of contents Publisher description |
| Tags: |
Adicionar Tag
Sem tags, seja o primeiro a adicionar uma tag!
|
| Thư viện lưu trữ: | Thư viện Trường Đại học Đà Lạt |
|---|
| LEADER | 01377nam a2200409 4500 | ||
|---|---|---|---|
| 001 | DLU050048006 | ||
| 005 | ##20050629 | ||
| 008 | ##030327s2003 enka b 001 0 eng | ||
| 010 | # | # | |a 2003048456 |
| 020 | # | # | |a 0521529999 |
| 040 | # | # | |a DLC |c DLC |d DLC |
| 042 | # | # | |a pcc |
| 050 | # | # | |a QA670 |b .G463 2003 |
| 082 | # | # | |a 516.3 |b Geo |
| 245 | # | # | |a Geometry and integrability / |c edited by Lionel Mason and Yavuz Nutku |
| 260 | # | # | |a Cambridge ; |a New York : |b Cambridge University Press, |c 2003 |
| 300 | # | # | |a xi, 153 p. : |b ill. ; |c 23 cm. |
| 504 | # | # | |a Includes bibliographical references (p. 152-153) and index. |
| 650 | # | # | |a Fiber spaces (Mathematics) |
| 650 | # | # | |a Global differential geometry. |
| 650 | # | # | |a Twistor theory. |
| 700 | # | # | |a Mason, L. J. |q (Lionel J.) |
| 700 | # | # | |a Nutku, Yavuz. |
| 830 | # | # | |a London Mathematical Society lecture note series ; |v 295. |
| 856 | # | # | |3 Sample text |u http://www.loc.gov/catdir/samples/cam041/2003048456.html |
| 856 | # | # | |3 Table of contents |u http://www.loc.gov/catdir/toc/cam031/2003048456.html |
| 856 | # | # | |3 Publisher description |u http://www.loc.gov/catdir/description/cam032/2003048456.html |
| 923 | # | # | |a 21/2005 |
| 992 | # | # | |a 8200 |
| 994 | # | # | |a DLU |
| 900 | # | # | |a True |
| 911 | # | # | |a Nguyễn Thị Tố Hạnh |
| 925 | # | # | |a G |
| 926 | # | # | |a A |
| 927 | # | # | |a SH |
| 980 | # | # | |a Thư viện Trường Đại học Đà Lạt |


